00617nab a2200169uuc450000100070000000500170000700800410002403500110006503500210007604000130009704100080011010000280011824500770014665000260022365000260024977301720027596939420240701143702.0060331e20051201 spa  a969394 a(OCoLC)820346823 ccomduadb aspa10aHorvath, John4auteaut10aViejos y nuevos resultados sobre integrales singulares e hipersingulares 0aEcuaciones integrales aOperadores integrales0 tRevista de la Academia Colombiana de Ciencias Exactas, Físicas y Naturales (Bogotá)gVolumen 29, Número 113, Diciembre 2005, p. 547-569w100681x0370-3908093888